|
|
|
|
| LEADER |
00000cam a2200000 7i4500 |
| 001 |
0000040478 |
| 005 |
20140420.0 |
| 008 |
140420 |
| 020 |
|
|
|a 9674441104
|
| 090 |
0 |
0 |
|a 443
|b TRA
|
| 245 |
1 |
0 |
|a Travel dictionary :
|b bahasa Jerman
|
| 260 |
|
|
|a KL :
|b Synergy Media ,
|c [s.n]
|
| 650 |
|
0 |
|a Dictionary
|x Travel guide
|
| 999 |
|
|
|a 0001270962
|b Book
|c Adult Collection
|e Cawangan Tmn. Ungku Tun Aminah
|
| 999 |
|
|
|a 0001270965
|b Book
|c Adult Collection
|e Cawangan Muar
|
| 999 |
|
|
|a 0001270968
|b Book
|c Annual Reports
|e Cawangan Bandar Penawar
|
| 999 |
|
|
|a 0001270969
|b Book
|c Adult Collection
|e Cawangan Mersing
|
| 999 |
|
|
|a 0001270970
|b Book
|c Adult Collection
|e Cawangan AEON Kulaijaya
|
| 999 |
|
|
|a 0001270973
|b Book
|c Adult Collection
|e Cawangan Bukit Gambir
|
| 999 |
|
|
|a 0001279443
|b Book
|c Adult Collection
|e Perbadanan Perpustakaan Awam Johor
|
| 999 |
|
|
|a 0001279444
|b Book
|c Adult Collection
|e Perbadanan Perpustakaan Awam Johor
|
| 999 |
|
|
|a 0001279445
|b Book
|c Adult Collection
|e Perbadanan Perpustakaan Awam Johor
|